Gaming Quiz

Random Gaming or Grab Bag Quiz

Super Smash Bros. Grab Bag Quiz Stats

 Plays Quiz Updated Jul 30, 2015

Score 0/59 Timer 06:00
13 Plays Today
Hint Answer % Correct
Original CharacterMario
98.8%
Unlockable CharacterLuigi
95.5%
Original CharacterPikachu
87.4%
Classic Mode Opponent/Bonus StagePikachu
87.4%
Original CharacterLink
85.5%
Classic Mode Opponent/Bonus StageLink
85.5%
Original CharacterDonkey Kong
83.9%
Original CharacterKirby
81.2%
Unlockable CharacterJigglypuff
79.4%
Original CharacterSamus
79.4%
Classic Mode Opponent/Bonus StageSamus
79.4%
Original CharacterYoshi
79%
Original CharacterFox
78.5%
Classic Mode Opponent/Bonus StageFox
78.5%
Unlockable CharacterCaptain Falcon
78.4%
Unlockable CharacterNess
76.9%
ItemPoke Ball
60.7%
Classic Mode Opponent/Bonus StageMaster Hand
58.5%
Pokéball PokémonCharizard
57.2%
ItemStar
52.2%
Classic Mode Opponent/Bonus StageMetal Mario
51.1%
Pokéball PokémonMew
51%
ItemHome Run Bat
50.8%
ItemBob-omb
47.7%
Pokéball PokémonBlastoise
47%
ItemBeam Sword
43.4%
ItemHammer
42.8%
Classic Mode Opponent/Bonus StageBreak the Targets
42.1%
Classic Mode Opponent/Bonus StageGiant DK
41.5%
Pokéball PokémonSnorlax
41.4%
Hint Answer % Correct
Classic Mode Opponent/Bonus StageYoshi Team
40.2%
Classic Mode Opponent/Bonus StageFighting Polygon Team
39.7%
Pokéball PokémonGoldeen
39.4%
Classic Mode Opponent/Bonus StageKirby Team
37.9%
ItemFan
36%
ItemHeart Container
34.8%
Classic Mode Opponent/Bonus StageRace to the Finish
34.5%
ItemCrate
34.4%
Classic Mode Opponent/Bonus StageBoard the Platforms
34.1%
Classic Mode Opponent/Bonus StageMario Brothers
33.9%
ItemMotion Sensor Bomb
33.5%
ItemMaxim Tomato
32.6%
ItemFire Flower
31.5%
ItemBarrel
31.4%
ItemRay Gun
31.1%
Pokéball PokémonBeedrill
31%
Pokéball PokémonOnix
30.7%
Pokéball PokémonChansey
30%
ItemBumper
29.7%
Pokéball PokémonMeowth
28.3%
ItemGreen Shell
28.1%
ItemCapsule
27.7%
ItemRed Shell
26.7%
Pokéball PokémonHitmonlee
26.4%
Pokéball PokémonStarmie
23.3%
Pokéball PokémonClefairy
22.5%
Pokéball PokémonKoffing
20.8%
ItemStar Rod
19%
ItemChansey Egg
15.8%

You're not logged in!

Compare scores with friends on all Sporcle quizzes.
OR
Log In

Sporcle TV

Today on Sporcle TV


Watch our educational content, quiz creation guides, and fun videos on Sporcle TV.

Show Comments

Extras

Top Quizzes Today


Score Distribution

Your Account Isn't Verified!

In order to create a playlist on Sporcle, you need to verify the email address you used during registration. Go to your Sporcle Settings to finish the process.

Report this User

Report this user for behavior that violates our Community Guidelines.

Details: